00559nam a2200193Ia 450000500170000000800410001702000270005804000190008504100120010408200130011610000210012924500470015026000450019730000280024250400500027065000180032070000170033885000100035520220726105323.0131103s9999 xx 000 0 und d a81-204-0336-3cRs. 150 aLoreto College aEnglish a549bKRI aKrishnaswamy, S. aIndia's mineral resourcescS. Krishnaswamy aNew DelhibOxford & IBH Publishingc1988 axvi,613 p.b ill., maps aIncludes bibliographical references and index aMineralogy -  aSinha, R. K. aLCLIB